Guess the Famous People from their Eyes #2 - Statistics

General Stats
  • This quiz has been taken 1,358 times
  • The average score is 7 of 16
Answer Stats
Picture Answer % Correct
Dwayne Johnson
94%
Joe Biden
87%
Will Smith
83%
Emma Watson
82%
Kim Kardashian
69%
Brad Pitt
67%
Camila Cabello
42%
Halle Berry
42%
Muhammad Ali
40%
Lucy Liu
36%
Angela Merkel
31%
Tom Brady
31%
Mikhail Gorbachev
13%
Pablo Picasso
10%
Eva Mendes
7%
Maria Sharapova
0%
No matching quizzes found
Score Distribution
Percent of People with Each Score
Percentile by Number Answered
Your Score History
You have not taken this quiz